[Event "80th ARM-ch 2020"]
[Site "Yerevan"]
[Date "2020.01.13"]
[Round "2.4"]
[White "Gabuzyan, Hovhannes"]
[Black "Ter-Sahakyan, Samvel"]
[Result "1/2-1/2"]
[WhiteElo "2585"]
[BlackElo "2617"]
[Annotator "TA"]
[PlyCount "72"]
[EventDate "2020.01.12"]
[EventType "tourn"]
[EventCountry "ARM"]
[SourceTitle "playchess.com"]
[Source "ChessBase"]
[SourceQuality "1"]

{[%evp 9,72,10,17,6,14,9,9,8,12,7,9,0,9,0,0,0,6,0,7,15,15,10,15,12,9,-3,27,16,35,30,33,6,8,7,9,9,7,1,8,8,14,17,17,17,16,12,14,11,17,0,0,0,0,0,0,0,0,0,0,0,0,0,0,0,0]} 1. c4 Nf6 ({Predecessor:} 1... e6 2. g3 Nf6 3. Bg2 d5 {1-0 (79) Stefansson,H (2561)-Olsen,F (2391) Ceske Budejovice 2019}) 2. Nf3 e6 3. g3 d5 4. Bg2 dxc4 5. Qa4+ Bd7 6. Qxc4 {A13: English Opening: 1...e6} c5 7. Ne5 Qc8 8. Qd3 Nc6 9. Nxd7 Nxd7 10. Nc3 Be7 11. b3 O-O 12. Bb2 Rd8 13. Rc1 $146 (13. O-O Nf6 {½-½ (38) Anton Guijarro,D (2674)-Karjakin,S (2760) Douglas 2019}) 13... Nf6 14. Qb1 Qd7 15. d3 Rac8 16. O-O b6 17. Qa1 Qe8 18. Rfd1 Rd7 19. e3 Qd8 20. Ne4 Nb4 {The position is equal.} 21. d4 (21. Bf1 {keeps more tension.} Nxd3 22. Rxd3 Rxd3 23. Bxd3 Qxd3 24. Nxf6+ Bxf6 25. Bxf6 gxf6 26. Qxf6 c4 27. Qg5+) 21... cxd4 22. Rxc8 ({Much weaker is} 22. exd4 Rxc1 23. Bxc1 Nc2 $17) 22... Qxc8 23. Rxd4 Rxd4 24. Bxd4 {[%cal Re4f6]} Nc2 25. Qc1 Ba3 26. Nxf6+ gxf6 27. Bb2 Bxb2 28. Qxb2 {Black must now prevent Be4.} Kg7 29. a3 {[#] And now Be4 would win.} Qc5 30. b4 Qc4 31. Bf1 $36 {[%mdl 2048] White has the initiative.} Qc6 32. Bg2 Qa4 33. g4 {Hoping for g5.} Nxa3 {Strongly threatening ...Qd1+.} 34. g5 Qd1+ 35. Bf1 Qg4+ 36. Bg2 Qd1+ {Accuracy: White = 62%, Black = 68%.} 1/2-1/2

[Event "80th ARM-ch 2020"]
[Site "Yerevan"]
[Date "2020.01.13"]
[Round "2.5"]
[White "Hakobyan, Aram"]
[Black "Gharibyan, Mamikon"]
[Result "1/2-1/2"]
[WhiteElo "2582"]
[BlackElo "2381"]
[Annotator "TA"]
[PlyCount "79"]
[EventDate "2020.01.12"]
[EventType "tourn"]
[EventCountry "ARM"]
[SourceTitle "playchess.com"]
[Source "ChessBase"]
[SourceQuality "1"]

{[%evp 19,79,29,22,-8,-24,-54,-11,-18,-6,-62,-61,-163,-160,-167,-170,-185,-184,-170,-166,-210,-193,-180,-183,-179,-92,-213,-164,-347,-72,-65,0,0,0,0,9,0,83,15,75,80,218,225,422,441,421,418,362,0,0,-15,-15,-15,-15,-42,0,0,0,0,0,0,0,0]} 1. c4 Nf6 2. Nc3 e5 3. g3 Bb4 4. Bg2 O-O 5. e4 Bxc3 6. bxc3 Re8 7. Ne2 c6 8. O-O d5 9. cxd5 cxd5 10. exd5 Nxd5 11. Rb1 {A22: English Opening: 1...e5 2 Nc3 Nf6} Nc6 12. a4 $146 ({Predecessor:} 12. d3 Nb6 13. Be3 Bg4 14. Qc2 Re7 {0-1 (37) Naiditsch,A (2712)-Topalov,V (2768) Porto Carras 2011}) 12... Nb6 13. d4 Bg4 {And now ...exd4 would win.} 14. d5 (14. h3 $11 Bxe2 15. Qxe2) 14... Na5 $15 15. Rb5 (15. h3 $15 Bxe2 16. Qxe2) 15... Nac4 $19 16. a5 Nd6 17. Rb4 Nbc4 18. h3 Bd7 19. f4 exf4 20. Nxf4 Qxa5 21. Qd4 {and if Nh5 works, White does fine.} Rac8 (21... b5 $19 22. Nh5 Qb6) 22. Nd3 (22. Nh5 $17 Qc5 23. Be3 Qxd4 24. Bxd4) 22... Qa2 23. Nc5 $2 (23. Rf2 {keeps fighting.} Qa1 24. Rf1) 23... Bb5 $2 (23... Re2 $19 24. Bf3 Bxh3 25. Bxe2 Qxe2) 24. Nxb7 $17 Nxb7 ({Better is} 24... Re2 $15 25. Bf3 Rc2) 25. Rxb5 $40 {[%mdl 128] White attacks.} Nbd6 26. Rc5 $1 Rcd8 27. Bg5 Rd7 (27... Rb8 $11 {remains equal.} 28. Bf4 Rb2) 28. Rf2 (28. Bf4 $16) 28... Qa1+ {[#]} (28... Qb1+ $1 $11 29. Rf1 Qb6) 29. Kh2 $1 $16 f6 (29... Qe1 $16) 30. Rxc4 $18 Nxc4 $2 (30... fxg5 {was worth a try.} 31. Rc6 Qe1) 31. Qxc4 {Threatens to win with d6+.} fxg5 32. d6+ $1 Kh8 {[#] aiming for ...Qe1.} 33. Bc6 $2 ({White should try} 33. Qc5 $18 Rg8 34. Be4) 33... Qe1 $11 34. Kg2 Rxd6 35. Bxe8 Qxe8 {KQR-KQR} 36. Qc5 Rf6 37. Qxa7 {The position is equal.} Qe4+ 38. Kh2 {Intending Qb8+ and mate.} h5 39. Qb8+ Kh7 40. Rxf6 {Accuracy: White = 39%, Black = 28%.} 1/2-1/2

[Event "80th ARM-ch 2020"]
[Site "Yerevan"]
[Date "2020.01.14"]
[Round "3.1"]
[White "Martirosyan, Haik M."]
[Black "Hakobyan, Aram"]
[Result "0-1"]
[WhiteElo "2613"]
[BlackElo "2582"]
[Annotator "TA"]
[PlyCount "114"]
[EventDate "2020.01.12"]
[EventType "tourn"]
[EventCountry "ARM"]
[SourceTitle "playchess.com"]
[Source "ChessBase"]
[SourceQuality "1"]

{[%evp 17,114,21,25,21,45,39,36,36,38,34,54,46,47,39,55,39,75,86,103,99,96,81,123,113,164,169,163,163,155,161,214,223,239,111,124,106,133,51,73,68,102,25,102,46,90,65,49,63,76,72,60,0,0,0,0,0,0,-44,-41,-45,-42,-43,-16,-15,0,-40,-35,-110,0,0,0,0,0,-94,-87,-154,-162,-348,-314,-738,-732,-29981,-29982,-29981,-29982,-5285,-1097,-1122,-1105,-1114,-1107,-1079,-1074,-976,-998,-1131,-1115,-1059,-1003]} 1. e4 c5 2. Nf3 Nc6 3. d4 cxd4 4. Nxd4 Nf6 5. Nc3 d6 6. g3 e5 7. Nde2 Be7 8. Bg2 O-O 9. O-O Be6 10. Nd5 {B56: Classical Sicilian: Unusual Lines} (10. h3 Rc8 11. g4 h6 12. Ng3 a6 13. Nf5 b5 14. Nd5 Bxf5 15. Nxe7+ Qxe7 16. exf5 d5 17. c3 e4 18. Bf4 {0-1 (42) Fontaine,R (2563)-Gupta,A (2610) chess.com INT 2018}) 10... Bxd5 11. exd5 Nb8 12. a4 $146 {White is slightly better.} ({Predecessor:} 12. c4 Nbd7 13. Nc3 Rc8 14. b3 a6 15. Bb2 Qa5 16. a3 b5 17. b4 Qb6 18. cxb5 axb5 {1-0 (42) Tsaruk,M (2215)-Yaniv,Y (2209) Konya 2018}) 12... a5 13. Nc3 Na6 14. Be3 Nd7 15. Qd2 Ndc5 16. Nb5 Re8 17. b3 Bf6 18. Rae1 b6 19. f4 e4 20. g4 Nc7 (20... Bh4 $16) 21. g5 $18 Be7 22. Nxc7 Qxc7 23. f5 Bf8 (23... f6 $142) 24. Bd4 Qb7 25. Bc3 (25. Re3 $18 {has better winning chances.}) 25... b5 $16 26. axb5 Qxb5 27. Rf4 (27. Re3 $16) 27... a4 $14 28. b4 (28. Bxe4 axb3 29. cxb3 Qxb3 $11) 28... Nd7 29. g6 (29. Rexe4 a3 $11) (29. Bxe4 $16 a3 30. g6) 29... f6 (29... Nf6 $1 $11) 30. Rh4 (30. Rexe4 $6 Rxe4 31. gxh7+ (31. Bxe4 a3 $11) 31... Kxh7 $11) ({White should try} 30. Bd4 $16) 30... h6 31. Rhxe4 ({Don't play} 31. Bxe4 a3 $14) (31. Rexe4 $6 a3 $11) 31... Rxe4 32. Bxe4 a3 33. Ra1 Ne5 34. Bxe5 ({Better is} 34. Bd4 $14) 34... fxe5 $11 35. Qc3 a2 36. Kf2 Qb6+ 37. Kf3 Qd8 {[%mdl 1024] Black has compensation.} 38. Ke2 $1 Qh4 {[%mdl 64] Double Attack} 39. Qf3 $1 Be7 40. h3 $1 Bd8 {[#]} 41. f6 $1 {[%mdl 512]} Bxf6 {aiming for ...Qf4.} 42. Qf5 (42. c3 $15) 42... Be7 (42... h5 $1 $17 {Strongly threatening ...Rf8.} 43. Rxa2 Rf8) 43. Qe6+ ({Not} 43. Rxa2 $2 Rf8 $19) 43... Kh8 44. Qg4 Qf6 $36 {[%mdl 2048] Black has some pressure.} 45. b5 (45. c3 $11 {keeps the balance.}) 45... Bd8 $17 {And now ...Bb6 would win.} 46. Qf5 {[#]} (46. Qd7 $142 Bb6 47. Rxa2 $3 {[%mdl 512]} Qf2+ 48. Kd1 Qf1+ 49. Kd2) 46... Bb6 $1 {Threatens to win with ...Qxf5.} 47. c3 $2 {[#]} (47. Qxf6 gxf6 48. Kd2) 47... Qe7 $1 $19 {[%cal Re7a7] Hoping for ...Qa7.} 48. Qf7 $2 (48. Bd3) 48... Qg5 {( -> ...Qe3+)} 49. Qb7 Qe3+ {[%mdl 64] Double Attack} 50. Kd1 Rf8 51. Qf7 Rxf7 (51... Rd8 $142 52. Qf1 Qxe4 {[%mdl 64] Double Attack}) 52. gxf7 Qg1+ ({Less strong is} 52... Qxe4 53. f8=Q+ Kh7 54. Kc1 $11) 53. Kc2 Qf2+ {[%mdl 64] Double Attack} 54. Kb3 Qxf7 55. Rxa2 g5 56. Ra8+ Kg7 57. Rc8 Qf1 {Accuracy: White = 39%, Black = 52%.} 0-1

[Event "80th ARM-ch 2020"]
[Site "Yerevan"]
[Date "2020.01.14"]
[Round "3.2"]
[White "Hovhannisyan, Robert"]
[Black "Andriasian, Zaven"]
[Result "1/2-1/2"]
[WhiteElo "2641"]
[BlackElo "2611"]
[Annotator "TA"]
[PlyCount "187"]
[EventDate "2020.01.12"]
[EventType "tourn"]
[EventCountry "ARM"]
[SourceTitle "playchess.com"]
[Source "ChessBase"]
[SourceQuality "1"]

{[%evp 22,187,28,24,35,51,58,44,49,44,51,47,36,33,51,54,52,64,59,61,55,60,106,47,101,59,75,72,96,64,151,57,43,17,37,37,37,45,37,21,39,21,49,21,26,22,49,44,53,39,39,39,43,43,43,43,50,50,78,78,80,80,74,68,83,77,80,0,72,77,68,70,85,88,104,87,219,113,141,152,160,160,156,0,0,0,0,0,0,0,0,0,0,0,0,0,0,0,0,0,0,0,0,0,0,0,0,0,0,0,0,0,0,0,0,0,0,0,0,0,0,0,0,0,0,0,0,0,0,0,0,0,0,0,0,0,0,0,0,0,0,0,0,0,0,0,0,0,0,0,4,0,0,0,0,0,5,5,12,0,0,0,0,0,0,0,0,0]} 1. e4 e5 2. Nf3 Nc6 3. Bb5 a6 4. Ba4 Nf6 5. O-O d6 6. Re1 Be7 7. Bxc6+ bxc6 8. d4 exd4 9. Nxd4 Bd7 10. Qf3 O-O 11. Nc3 Re8 12. h3 Rb8 {C87: Closed Ruy Lopez: Steinitz-type lines after 6 Re1 d6} (12... h6 13. Bf4 c5 14. Nf5 Bxf5 15. exf5 d5 16. g4 c6 17. b3 Nd7 18. Na4 Bf6 19. Rxe8+ Qxe8 20. Rd1 {0-1 (33) Ivanchuk,V (2726)-Mamedyarov,S (2799) Huaian 2017}) 13. b3 c5 14. Nf5 Bxf5 {White is slightly better.} 15. Qxf5 Nd7 16. Nd5 Bf6 17. Rb1 Re6 18. Bd2 {[#]} g6 $146 ({Predecessor:} 18... c6 19. Nxf6+ Qxf6 20. Qxf6 Nxf6 {1-0 (46) Gabuzyan,H (2585)-Petrosyan,M (2550) Yerevan 2017}) 19. Qf3 Bg7 20. Ba5 Nb6 21. Qd3 Ra8 22. g3 (22. Bxb6 $1 $16 cxb6 23. a4) 22... Ra7 (22... Nxd5 $14 23. exd5 Re5) 23. Rbd1 Re8 24. Kg2 Ra8 25. Re2 h5 (25... Nxd5 $14 26. exd5 Rxe2 27. Qxe2 h5) 26. f4 ({Better is} 26. Bxb6 $1 $16 cxb6 27. a4) 26... Nxd5 $14 27. exd5 (27. Qxd5 {is more complex.} Rc8 28. e5 Re6 29. Ree1 Qe7 30. Qb7) 27... Rxe2+ 28. Qxe2 Qd7 29. Re1 Bf6 30. c4 Rc8 31. Qe4 Kf8 32. Re2 (32. f5 $5) 32... Kg7 33. Qf3 Kg8 34. g4 hxg4 35. Qxg4 Qf5 36. Qxf5 gxf5 {[%mdl 4096] Endgame KRB-KRB} 37. Kf3 Kg7 38. Re3 Kg6 39. Rd3 Kh5 40. Ke2 Re8+ 41. Re3 Rc8 42. Kd3 Kg6 43. Rg3+ Kh7 44. Re3 ({White should try} 44. Rg1 $16) 44... Kg7 (44... Kg6 $11 {remains equal.}) 45. a3 Bd4 46. Rg3+ Kf6 47. h4 Ke7 48. h5 Rb8 (48... Rh8 $16) 49. Kc2 (49. b4 $18) 49... Rh8 50. Rh3 ({But not} 50. Bxc7 $6 Rxh5 51. Ba5 Rh2+ 52. Bd2 Rf2 $11) 50... Kd7 51. h6 Rh7 {[#]} 52. Bc3 $2 (52. b4 $1 $16) 52... Bxc3 $1 $11 {The position is equal.} 53. Kxc3 {KR-KR} a5 $1 {[%cal Ba6a5,Ba5a4][%mdl 32]} 54. b4 a4 $1 55. Kd2 Ke7 56. Rh1 Kd7 57. Ke2 Ke7 58. Kf2 Kf6 59. Kg3 Ke7 60. Rh5 f6 61. Rh1 Kd7 62. Rh2 Kd8 63. Rh3 Kd7 64. Rh4 Kd8 65. Rh2 Kd7 66. Rh1 Kd8 67. Rh5 Ke7 68. Kg2 Kd7 69. Rh1 Kd8 70. Rh3 Kd7 71. Rh2 Kd8 72. Rh1 Kd7 73. Kf2 Kd8 74. Rh5 Kd7 75. Kf3 Ke7 76. Kg3 Kf7 77. Rh2 Ke7 78. bxc5 dxc5 79. Rb2 Rxh6 80. Rb5 Kd6 81. Ra5 Rh1 82. Rxa4 Rg1+ 83. Kf3 Rf1+ 84. Ke3 Re1+ 85. Kd3 Rf1 86. Ke3 Re1+ 87. Kf3 Rf1+ 88. Kg3 Rg1+ 89. Kf2 Rc1 90. Ra6+ Kd7 91. Rxf6 Rxc4 92. Rxf5 Kd6 93. Kf3 Ra4 94. Rh5 {Accuracy: White = 66%, Black = 71%.} 1/2-1/2

[Event "80th ARM-ch 2020"]
[Site "Yerevan"]
[Date "2020.01.14"]
[Round "3.3"]
[White "Ter-Sahakyan, Samvel"]
[Black "Pashikian, Arman"]
[Result "1/2-1/2"]
[WhiteElo "2617"]
[BlackElo "2605"]
[Annotator "TA"]
[PlyCount "133"]
[EventDate "2020.01.12"]
[EventType "tourn"]
[EventCountry "ARM"]
[SourceTitle "playchess.com"]
[Source "ChessBase"]
[SourceQuality "1"]

{[%evp 13,133,8,7,0,6,4,6,-9,20,28,33,19,27,17,18,0,0,6,72,69,55,8,12,21,31,-10,17,12,12,-4,-11,-64,9,8,16,8,22,22,41,41,86,91,98,98,91,79,95,93,102,101,116,116,125,101,100,95,96,96,100,60,59,60,62,59,74,59,63,61,63,62,62,62,72,72,73,92,91,82,81,75,81,93,82,96,89,70,560,560,556,556,553,547,543,525,507,450,850,813,5061,4950,3643,4107,1722,1193,29971,29968,2375,1900,29974,29975,29975,29976,29976,29977,29979,29980,29980,29981,29981,29982,29982,29983]} 1. d4 Nf6 2. c4 g6 3. Nc3 d5 4. Nf3 Bg7 5. e3 O-O 6. Bd2 c6 7. Rc1 Ne4 8. cxd5 {D94: Grünfeld: 4 Nf3 Bg7 5 e3} Nxd2 9. Qxd2 cxd5 10. h4 $146 {The position is equal.} ({Predecessor:} 10. Ne5 Nd7 11. Nxd7 Qxd7 12. Be2 e6 13. O-O b6 14. Rc2 Bb7 15. Rfc1 Rfc8 {½-½ (41) Efimov,I (2439)-Moussard,J (2583) Brest 2019}) 10... e6 11. h5 Nc6 12. Bb5 Bd7 13. hxg6 hxg6 14. Bxc6 Bxc6 15. Ne5 Qg5 (15... Bxe5 $11 16. dxe5 Kg7) 16. Nxc6 $16 bxc6 17. O-O (17. f4 $5 {[%cal Rf4g5]} Qg4 18. Kf1 $14) 17... e5 {Black wants to play ...exd4.} 18. Ne2 Rfc8 19. Rfd1 a5 20. Rc5 Qg4 21. b3 Bf8 22. Rc2 (22. f3 $11 Qe6 23. Rc2) 22... exd4 (22... e4 $15) 23. Qxd4 Qf5 24. Qd3 {Black should prevent Qxf5.} Qxd3 25. Rxd3 Bg7 26. Nc3 Bf8 27. Na4 $1 {[%cal Ra4b6] Hoping for Nb6.} Rab8 28. Rdc3 c5 29. Nxc5 Bg7 30. Nd7 Rxc3 31. Rxc3 {[%mdl 4096] Endgame KRB-KRN} Rd8 32. Rc7 d4 {Threatening ...d3.} 33. exd4 Bxd4 34. Kf1 Kg7 35. Nc5 {aiming for Ne6+.} Be5 36. Ne6+ (36. Ra7 {keeps more tension.} Re8 37. Nd3 Bc3 38. Rc7 Bd2 39. g4) 36... Kf6 37. Nxd8 Bxc7 $14 {KB-KN} 38. Nc6 Ke6 39. Nd4+ Kd5 40. Nc2 Ke4 41. Ke2 Bd6 42. f3+ Kf4 43. Ne3 Kg3 44. Nc4 Bc7 45. Kf1 $1 g5 46. Ne3 Bb6 47. Nf5+ Kf4 48. Nd6 g4 49. Ke2 ({Much worse is} 49. Nxf7 gxf3 50. Nd6 Bd8 $11) 49... f5 $2 {[%mdl 8192] [#]} ({Better is} 49... gxf3+ $14 50. gxf3 f6) 50. g3+ $1 $18 {[%mdl 512]} Kg5 (50... Kxg3 51. Nxf5+) 51. f4+ Kf6 52. Nc4 Bd8 53. Kd3 Ke6 54. a3 $1 Be7 (54... Bc7 $142 55. b4 axb4 56. axb4 Bd8) 55. Nxa5 Bxa3 56. Nc6 Bc5 {[#]} 57. Nd4+ $1 Kf6 58. Kc4 Ba7 59. b4 {[%cal Bb3b4,Bb4b5][%mdl 32]} Bb6 60. Kd5 Ba7 61. b5 {White mates.} Bb6 {[#]} 62. Ne2 $1 Bf2 63. Kc6 Ke6 64. b6 Bxb6 65. Kxb6 Kd5 66. Nc3+ Kd4 67. Nb5+ {[%mdl 32768] Accuracy: White = 71%, Black = 44%. . An unexpected result.} 1/2-1/2

[Event "80th ARM-ch 2020"]
[Site "Yerevan"]
[Date "2020.01.14"]
[Round "3.4"]
[White "Gharibyan, Mamikon"]
[Black "Sargsyan, Shant"]
[Result "1/2-1/2"]
[WhiteElo "2381"]
[BlackElo "2601"]
[Annotator "TA"]
[PlyCount "72"]
[EventDate "2020.01.12"]
[EventType "tourn"]
[EventCountry "ARM"]
[SourceTitle "playchess.com"]
[Source "ChessBase"]
[SourceQuality "1"]

{[%evp 9,72,14,24,31,20,11,7,12,24,16,38,14,14,7,60,39,39,41,80,67,73,70,66,72,65,60,77,67,78,79,106,102,116,96,91,95,143,133,127,117,135,119,132,124,157,160,155,152,131,131,159,158,175,150,145,89,89,8,8,8,8,8,8,8,8]} 1. Nf3 d6 2. d4 Nf6 3. g3 g6 4. b3 Bg7 5. Bb2 b5 6. Bg2 {A49: 1 d4 Nf6 2 Nf3 g6 3 g3: Anti-King's Indian systems} Bb7 7. Qd3 a6 8. Nbd2 O-O $146 ({Predecessor:} 8... Nbd7 9. O-O c5 10. a4 b4 11. a5 O-O 12. dxc5 Nxc5 13. Qc4 {0-1 (24) Khomeriki,N (2305)-Zubov,A (2612) Batumi 2017}) 9. c4 e5 10. dxe5 Nfd7 {[%cal Rd7e5]} 11. cxb5 dxe5 (11... Nxe5 $11 12. Qb1 axb5) 12. bxa6 $1 $14 Nxa6 {[#] ...e4! is the strong threat.} 13. Qc3 $1 Bf6 {Threatens to win with ...e4.} 14. Qc1 e4 15. Nd4 Nb6 16. Nc2 $1 Bxb2 17. Qxb2 f5 18. Ne3 c5 19. O-O Qd4 20. Qc1 Nb4 21. a3 N4d5 22. Nxd5 Qxd5 23. Rd1 {[#] Strongly threatening Nc4.} Rfd8 24. Qc2 Qe5 25. e3 Ba6 26. Bf1 Bd3 27. Bxd3 Rxd3 28. Nc4 Nxc4 29. Qxc4+ Kg7 30. a4 Rb8 31. Rab1 Qc3 {[%cal Rb8b3]} 32. Qxc3+ (32. Rdc1 $142 Qxc4 33. Rxc4) 32... Rxc3 $16 33. Rdc1 (33. a5 $16) 33... Rbxb3 $11 {The position is equal.} 34. Rxc3 Rxb1+ 35. Kg2 Ra1 36. Rxc5 Rxa4 {Accuracy: White = 80%, Black = 47%.} 1/2-1/2

[Event "80th ARM-ch 2020"]
[Site "Yerevan"]
[Date "2020.01.14"]
[Round "3.5"]
[White "Mikaelyan, Arman"]
[Black "Gabuzyan, Hovhannes"]
[Result "1-0"]
[WhiteElo "2476"]
[BlackElo "2585"]
[Annotator "TA"]
[PlyCount "71"]
[EventDate "2020.01.12"]
[EventType "tourn"]
[EventCountry "ARM"]
[SourceTitle "playchess.com"]
[Source "ChessBase"]
[SourceQuality "1"]

{[%evp 22,71,50,30,38,34,41,37,29,27,34,25,38,45,51,45,57,61,95,65,57,56,134,54,42,43,118,45,120,118,125,116,302,281,268,262,380,372,557,532,531,514,4986,2133,5202,5198,5014,5014,29992,29993,29993,29994]} 1. d4 Nf6 2. c4 g6 3. Nc3 Bg7 4. e4 d6 5. Be2 O-O 6. Be3 c6 7. Nf3 a6 8. O-O b5 9. a3 Nbd7 10. h3 bxc4 11. Bxc4 d5 12. Bd3 dxe4 {E91: King's Indian: Classical: 6 Be2, unusual replies including 6...c5 and 6...Bg4} 13. Nxe4 Nd5 14. Bg5 {[#]} Qb6 $146 {White is slightly better.} ({Predecessor:} 14... h6 15. Bd2 Qb6 16. b4 Rd8 17. Rc1 Nf8 18. Qa4 Ne6 19. Rxc6 Qb8 20. Qa5 {1-0 (37) Akobian,V (2567)-Shabalov,A (2604) Bellevue 2006}) 15. Qc2 a5 16. Rac1 Ba6 17. Bxa6 Rxa6 18. Qd2 Rb8 19. Rc2 Qb5 20. Rfc1 Rab6 21. Bh6 f6 (21... N5f6 $14 22. Nc3 Bxh6 23. Qxh6 Qf5) 22. Nc5 (22. Bxg7 $16 Kxg7 23. Re1) 22... Nxc5 $14 23. dxc5 R6b7 (23... Bxh6 $14 24. Qxh6 R6b7) 24. Nd4 (24. Bxg7 $16 {Black must now prevent Nd4.} Kxg7 25. Nd4) 24... Qa6 (24... Bxh6 $1 $14 25. Qxh6 Qd3) 25. Bxg7 $16 Kxg7 {[#]} 26. Ne6+ $1 Kf7 $2 (26... Kh8 $16 27. Rd1 (27. Qh6 Rg8 $16) 27... Rg8) 27. Re1 $18 {Threatens to win with Qh6.} g5 28. Qd1 {Strongly threatening Qh5+.} Kg8 {[#]} (28... Nf4 $142 29. Nxf4 gxf4 30. Qh5+ Kg8 31. Qg4+ Kh8 32. Qxf4 Rg8) 29. h4 $1 {[%mdl 512]} Rb3 (29... Kh8 $142 30. hxg5 Rg8) (29... gxh4 30. Qg4+) 30. Rd2 Qc8 31. hxg5 Kh8 (31... Re3 $142 32. fxe3 Qxe6) 32. gxf6 (32. Rxd5 $142 cxd5 33. gxf6 exf6 {[#]} 34. Qd4 $1 {[%mdl 512]}) 32... exf6 33. Rxd5 cxd5 {[#]} 34. Qd4 $1 {[%mdl 512]} Qd7 35. Qxf6+ Kg8 36. Re5 {Accuracy: White = 73%, Black = 33%.} 1-0

[Event "80th ARM-ch 2020"]
[Site "Yerevan"]
[Date "2020.01.15"]
[Round "4.1"]
[White "Hakobyan, Aram"]
[Black "Sargsyan, Shant"]
[Result "1/2-1/2"]
[WhiteElo "2582"]
[BlackElo "2601"]
[Annotator "TA"]
[PlyCount "41"]
[EventDate "2020.01.12"]
[EventType "tourn"]
[EventCountry "ARM"]
[SourceTitle "playchess.com"]
[Source "ChessBase"]
[SourceQuality "1"]

{[%evp 13,41,0,28,0,12,6,9,6,14,0,0,-1,0,0,0,0,0,-11,-14,-24,-22,-22,-7,-4,0,-79,0,0,0,0]} 1. e4 e5 2. Nf3 Nc6 3. Bb5 a6 4. Ba4 Nf6 5. O-O ({Predecessor:} 5. d3 b5 6. Bb3 h6 7. a4 Rb8 8. Nc3 Bc5 9. O-O d6 10. axb5 axb5 11. h3 {0-1 (60) Leon,O (2060)-Kalugampitiya,R (2107) Baku 2016}) 5... b5 6. Bb3 Bc5 7. d3 O-O 8. a4 {C78: Ruy Lopez: Archangelsk and Möller Defences} Rb8 $146 (8... b4 9. a5 d6 10. h3 Be6 11. Nbd2 Rb8 12. Nc4 Ne7 13. Ng5 Bd7 14. Be3 Bxe3 15. Nxe3 Ng6 {1-0 (69) Nakamura,H (2754)-Caruana,F (2819) Paris 2019}) 9. axb5 axb5 10. Nc3 d6 11. h3 h6 12. Nd5 Nxd5 13. Bxd5 Ne7 {[%cal Bc6e7,Be7g6,Bg6f4][%mdl 32]} 14. Bb3 Ng6 15. c3 Qf6 16. d4 Bb6 17. Be3 Nf4 18. Re1 Re8 19. Bc2 {[#]} (19. Bxf4 $11 Qxf4 20. Re3) 19... Be6 (19... Nxh3+ $1 $17 20. gxh3 Bxh3) 20. Nh2 $11 c5 {[%cal Rc5d4]} 21. d5 {Accuracy: White = 51%, Black = 58%.} 1/2-1/2

[Event "80th ARM-ch 2020"]
[Site "Yerevan"]
[Date "2020.01.15"]
[Round "4.2"]
[White "Pashikian, Arman"]
[Black "Mikaelyan, Arman"]
[Result "1/2-1/2"]
[WhiteElo "2605"]
[BlackElo "2476"]
[Annotator "TA"]
[PlyCount "96"]
[EventDate "2020.01.12"]
[EventType "tourn"]
[EventCountry "ARM"]
[SourceTitle "playchess.com"]
[Source "ChessBase"]
[SourceQuality "1"]

{[%evp 13,96,47,46,34,54,46,41,31,20,35,41,20,24,18,28,12,32,26,42,27,46,38,79,75,86,70,73,76,114,112,122,117,169,107,94,101,86,81,156,149,184,197,185,185,152,87,178,89,92,92,137,123,129,128,128,116,102,0,116,90,90,21,86,34,46,27,59,54,77,68,70,3,0,0,81,67,77,0,0,0,0,0,2,0,0]} 1. d4 Nf6 2. c4 g6 3. Nc3 Bg7 4. e4 d6 5. Be2 O-O 6. Be3 c5 7. d5 e6 8. Nf3 {E73: King's Indian: Averbakh Variation without 6...c5} exd5 9. cxd5 Bg4 (9... b5 10. e5 dxe5 11. Bxc5 Re8 12. Bxb5 e4 13. Nd4 Nxd5 14. Bxe8 Nxc3 15. Bxf7+ Kxf7 16. bxc3 Qd5 {½-½ (37) Riazantsev,A (2639)-Yilmaz,M (2604) Moscow 2019}) 10. Nd2 {White is slightly better.} Bxe2 11. Qxe2 (11. Kxe2 Ng4 $15) 11... Re8 12. O-O Na6 13. h3 $36 {[%mdl 2048] Black is under pressure.} Nc7 14. a4 {[%cal Ba2a4,Ba4a5][%mdl 32]} a6 15. a5 Rb8 16. Rfe1 $146 Nb5 17. Qd3 Qd7 18. Bf4 Nh5 19. Bh2 $1 f5 20. exf5 gxf5 21. Nc4 f4 22. Qf3 Rxe1+ 23. Rxe1 Re8 24. Rxe8+ Qxe8 {[%cal Re8e1]} 25. Bxf4 Nxc3 (25... Qf7 $142) 26. bxc3 $16 Nxf4 27. Qxf4 Qe1+ 28. Kh2 Qxc3 {[#]} 29. g3 ({Stronger than} 29. Qxd6 Qxc4 30. Qe6+ Kf8 $11) (29. Qe4 $142 $1 {[%cal Re4e6] Threatens to win with Qe6+.} Qf6 30. f4) 29... Qd3 {[#]} (29... Qd4 $16 {keeps fighting.}) 30. Nxd6 (30. Ne3 $1 $18) 30... Qxd5 31. Nf5 {White threatens Ne7+ and mate.} Bf6 32. Qg4+ Kf8 33. Ne3 Qc6 34. Qf5 Kg7 35. Qg4+ Kf8 $1 36. Qf4 Ke8 37. Qf5 ({Better is} 37. Qc4 $16) 37... Bd4 $1 $11 38. Nc4 ({Of course not} 38. Qxh7 Bxe3 39. Qh5+ (39. fxe3 c4 $11) 39... Kf8 $11) (38. Nd5 $16) 38... Qd7 39. Qe4+ Kd8 {Threatening ...Qf7.} 40. Qf4 Ke7 41. Nb6 Qc6 42. Qh4+ ({White should try} 42. h4 $14) 42... Kf8 43. Qf4+ (43. Qg4 $11) 43... Ke7 $16 44. h4 h6 45. Qf5 ({White should play} 45. h5 $16) 45... c4 $11 {The position is equal.} 46. Qh7+ Kf8 47. Qf5+ Ke7 48. Qh7+ Kf8 {Accuracy: White = 50%, Black = 51%.} 1/2-1/2